[Event "Elancourt op 10th"]
[Site "Elancourt"]
[Date "2007.04.14"]
[Round "1"]
[White "Baron, Daniel"]
[Black "Tak Tak, Lotfi"]
[Result "1-0"]
[WhiteElo "2130"]
[BlackElo "1750"]
[PlyCount "73"]
[EventDate "2007.04.14"]
[EventType "swiss"]
[EventRounds "9"]
[EventCountry "FRA"]
[SourceTitle "CBM 118 Extra"]
[Source "ChessBase"]
[SourceDate "2007.07.04"]
[SourceVersion "1"]
[SourceVersionDate "2007.07.04"]
[SourceQuality "1"]

1. d4 Nf6 2. c4 g6 3. Nc3 Bg7 4. e4 d6 5. Nf3 Nc6 6. d5 Nb8 7. Be2 Nbd7 8. Be3 0-0 9. 0-0 Nc5 10. Nd2 e5 11. b4 Ncd7 12. c5 Ne8 13. g4 Qh4 14. g5 f5 15. Nf3 Qg4+ 16. Kh1 fxe4 17. Nd4 Qh3 18. Ne6 Rf4 19. Bxf4 exf4 20. Nxg7 f3 21. Rg1 fxe2 22. Qxe2 Nxg7 23. Nxe4 Ne5 24. f4 Bg4 25. Nf6+ Kh8 26. Nxg4 Nxg4 27. Qxg4 Qd3 28. cxd6 Qxd5+ 29. Qg2 Qxg2+ 30. Rxg2 cxd6 31. Rc1 Nf5 32. Rgc2 d5 33. Rc8+ Rxc8 34. Rxc8+ Kg7 35. Rc7+ Kf8 36. Rxb7 d4 37. Kg1 1-0